Wälzlager PSL : Liferprogram: Publication 4/98 - VLO - N
Gespeichert in:
| Format: | Buch |
|---|---|
| Sprache: | Deutsch |
| Veröffentlicht: |
Žilina :
Management Art,
1998
|
| Tags: |
Keine Tags, Fügen Sie das erste Tag hinzu!
|
MARC
| LEADER | 00000nam a22000003a 4500 | ||
|---|---|---|---|
| 001 | stu73308 | ||
| 005 | 20150408161839.8 | ||
| 008 | 020123s1998----xo------------------ger-d | ||
| 020 | |a 80-88889-27-8 | ||
| 040 | |a STU |b slo | ||
| 041 | 0 | |a ger | |
| 044 | |a xo | ||
| 080 | |a 621.822.6 | ||
| 245 | |a Wälzlager PSL : |b Liferprogram: Publication 4/98 - VLO - N | ||
| 260 | |a Žilina : |b Management Art, |c 1998 | ||
| 300 | |a 22 s | ||
| 996 | |b 284J005800 |c J*98880 |l JJST |s P |a 0 |w stu73308_0001 | ||